Lingo macht mint, heft 10 (Record no. 67958)

MARC details
000 -LÍDER
campo de controle de tamanho fixo 00271 a2200121 4500
001 - NÚMERO DE CONTROLE
campo de controle 67958
040 ## - FONTE DA CATALOGAÇÃO
Instituição que transcreveu o registro Anchieta - Pituba
240 10 - TÍTULO UNIFORME
Título uniforme Lingo macht mint, heft 10
Idioma da obra deu / ger
245 10 - TÍTULO
Título Lingo macht mint, heft 10
300 ## - DESCRIÇÃO FÍSICA
Extensão 10
650 #4 - ASSUNTO--TERMO TÓPICO
Cabeçalho tópico ou nome geográfico Língua alemã
942 ## - ELEMENTOS DE ENTRADA ADICIONADOS (KOHA)
Tipo de material Koha Livros
Holdings
Situação do descarte Situação das perdas Situação física Não pode ser emprestado Biblioteca de origem Biblioteca atual Data de aquisição Total de empréstimos Número de chamada completo Código de barras Data de último acesso Data do preço efetivo Tipo de material Koha
        Colégio Anchieta - Pituba Colégio Anchieta - Pituba 21/11/2023   430 L755l LIN 23032/PIT 21/11/2023 21/11/2023 Livros